Click the Brands - Statistics

General Stats
  • This quiz has been taken 44 times
  • The average score is 8 of 15
Answer Stats
Hint Answer % Correct
Sweden Volvo
81%
France Christian Dior
78%
South Korea Kia
75%
Japan Sony
69%
Unied States Ford
66%
India Tata
63%
Russia Vodka
63%
China Douyin
53%
Portugal Vista Alegre
53%
Spain Zara
53%
United Kingdom Shell
50%
Saudi arabia Aramco
44%
Philippines Gcash
28%
Brazil Colcci
13%
Singapore CHARLES & KEITH
6%
No matching quizzes found
Score Distribution
Percent of People with Each Score
Percentile by Number Answered
Your Score History
You have not taken this quiz